000 00683nam a2200229 a 4500
001 24656
003 CO-ViMGA
008 141112s2004 ck r 000 u spa d
020 _a9681662326
040 _aCO-ViMGA
_bspa
_cCO-ViMGA
090 _aHEIy
100 1 _aHeitz, Bruno
_93345
245 1 0 _aYoyo sin miedo /
_cBruno Heitz ; ilus. de Manuel Monroy ; trad. Diana Luz Sánchez
260 _aMéxico :
_bFCE,
_c2000
300 _a33 p. 19 cm.
500 _aTraduccion de : Jojo sans peur
650 1 4 _aCuentos infantiles
_92743
650 1 4 _aLiteratura infantil
_92746
700 1 _aMonroy, Manuel, il.
_93346
700 1 _aSánchez, Diana Luz; trad.
_93347
942 _2ddc
_cBK
999 _c9858
_d9858